000 00588nam a22001937a 4500
003 NUST
005 20230126154742.0
008 190703b ||||| |||| 00| 0 eng d
038 _aMr. Zahoor
082 _a510
100 _aJabeen, Ismat
_916581
245 _aApproximate Closed-from solution of System of Partial Differential Equations
_cIsmat Jabeen
260 _aIslamabad :
_bSNS - NUST,
_c2016.
300 _aiii, 62 p. : ill. ;
_c30cm.
500 _aHardcover.
650 _aMathematics - Ms Thesis
_916139
700 _aProf. Azad Akhter Siddiqui
_916582
942 _2ddc
_cTHE
999 _c525649
_d525649